| 000 | nam a22 a 4500 | ||
|---|---|---|---|
| 999 |
_c2886 _d2886 |
||
| 005 | 20170518145500.0 | ||
| 008 | 170518b2000 -uk||||| |||| 00| 0 eng d | ||
| 020 |
_a 0751309990 (pbk.) : _c£4.99 |
||
| 040 | _aAKMAL | ||
| 082 | 0 | 4 | _a652.5 TER |
| 090 |
_a652.5 _bTER |
||
| 100 | 1 |
_aBurrows, Terry. _96068 |
|
| 245 | 1 | 0 |
_aMultimedia : _bcreating presentations _cTerry Burrows |
| 260 |
_aLondon : _bDorling Kindersley, _c2000. |
||
| 300 |
_a72 p. : _bcol. ill. ; _c18cm |
||
| 490 | 1 | _aEssential computers | |
| 500 | _aUsing Microsoft PowerPoint 2000. | ||
| 500 | _aIncludes index. | ||
| 599 | _aDALAM PROSES | ||
| 650 | 0 |
_aComputer graphics. _9714 |
|
| 650 | 0 |
_aBusiness presentations _xGraphic methods _96069 |
|
| 830 | 0 |
_aEssential computers. _9789 |
|
| 852 | 4 | 1 |
_aBritish Library _bHMNTS |
| 942 |
_2ddc _cBOOK |
||